Group theory and symmetry in chemistry. (Record no. 154089)

MARC details
000 -LEADER
fixed length control field 00529nam a2200205Ia 4500
003 - CONTROL NUMBER IDENTIFIER
control field OSt
005 - DATE AND TIME OF LATEST TRANSACTION
control field 20230327101128.0
008 - FIXED-LENGTH DATA ELEMENTS--GENERAL INFORMATION
fixed length control field 210423s2003 xx 000 0 und d
020 ## - INTERNATIONAL STANDARD BOOK NUMBER
International Standard Book Number 8180300420
040 ## - CATALOGING SOURCE
Transcribing agency AL
041 ## - LANGUAGE CODE
Language code of text/sound track or separate title eng
082 ## - DEWEY DECIMAL CLASSIFICATION NUMBER
Classification number 541.242
Edition number 23
Item number BANK
100 ## - MAIN ENTRY--PERSONAL NAME
Personal name BANSAL (Kamlesh).
9 (RLIN) 78094
245 ## - TITLE STATEMENT
Title Group theory and symmetry in chemistry.
260 ## - PUBLICATION, DISTRIBUTION, ETC.
Place of publication, distribution, etc. New Delhi
Name of publisher, distributor, etc. Campus Books
Date of publication, distribution, etc. 2003
300 ## - PHYSICAL DESCRIPTION
Extent x,272
Other physical details HB
365 ## - TRADE PRICE
Price amount 550
Currency code INR
906 ## - LOCAL DATA ELEMENT F, LDF (RLIN)
a chemistry. ; Group ; symmetry ; theory
942 ## - ADDED ENTRY ELEMENTS (KOHA)
Source of classification or shelving scheme Dewey Decimal Classification
Koha item type Book
Holdings
Withdrawn status Lost status Damaged status Not for loan Collection code Home library Current library Date acquired Source of acquisition Cost, normal purchase price Total Checkouts Total Renewals Full call number Barcode Date last seen Date last checked out Price effective from Koha item type
        Analytical Chemistry St Aloysius PG Library St Aloysius PG Library 10/28/2008 Saraswathi Publisher 550.00 1 1 541.242 BANK PG000556 04/19/2025 04/07/2025 04/26/2021 Book